Безпечна поведінка (Запис № 16971)

000 -Маркер запису
Контрольне поле сталої довжини 02137nam a22002537a 4500
003 - Належність контрольного номера
Контрольне поле Uzh_bibl
008 - Кодовані дані
Контрольне поле сталої довжини 260310b |||||||| |||| 00| 0 ukr d
020 ## - Індекс ISBN
ISBN 966-7223-11-6
Ціна 5.00
040 ## - Джерело каталогіз.
Код мови каталог. укр.
041 ## - Код мови видання
Код мови оригіналу українська
Код мови тексту українська
080 ## - Індекс УДК
Індекс УДК 61
090 ## - Шифри
Поличний індекс 61
Авторський знак Б40
100 ## - Автор
Автор -
245 ## - Назва
Назва Безпечна поведінка
Відповідальність Рецен.Т.В.Говорун
Фізичний носій Текст
260 ## - Вихідні дані
Місце видання Київ
Видавництво "Сім'я"
Дата видання 1999
300 ## - Фізичний опис
Обсяг 56 с.
Ілл./тип відтвор. іл.
520 ## - Анотація
Анотація В даному інформаційному посібнику наведено основні аспекти безпечної поведінки підлітків та молоді. Розповідається про пагубний вплив на здоров'я алкоголю, тютюну, наркотиків. Проводяться основні відомості про хахворювання, що передаються статевим шляхом ВІЛ, СНІД. Описана профілактика цих захворювань та небажаної вагітності. Даний посібник було розроблено спеціалістами Української Асоціації Планування сім'ї за сприяння Всесвітньої Фундації АнтиСНІД.<br/> Посібник буде корисний також учителям валеології, безпеки життєдіяльності, класним керівникам, вихователям, батькам учнів, спеціалістам регіональних центрів планування сім'ї та центрів соціальних служб для молоді.
521 ## - Примітка про цільове призначення
Примітка про цільове призначення Для широкого кола читачів
546 ## - Примітка про мову
Примітка про мову укр.
650 ## - Тематичні рубрики
Основна рубрика Навчальне видання
653 ## - Ключові слова
Ключові слова Паління
-- Алкоголь і наркотики
-- Стать та статеві відносини
-- Синдром набутого імунного дефіциту
655 ## - Термін індексування — жанр/форма
Жанр/форма Навчальна література
Типове ділення Посібник
942 ## - ADDED ENTRY ELEMENTS (KOHA)
Джерело класифікації чи схема поличного розташування
Koha item type Книги
Фонди
Статус вилучення Статус втрати/відсутності Джерело класифікації чи схема поличного розташування Статус пошкодження Тип обігу (не для випозичання) Постійне розташування Поточне розташування Розташування у відділі Дата надходження Інвентарний номер Total Checkouts Повний (примірниковий) шифр зберігання Штрих-код Date last seen Дата, для якої чинна ціна заміни Тип одиниці (рівень примірника)
          Бібліотека-філія №2 Бібліотека-філія №2 Абонемент старший відділ 10/03/2026 64752/3   61 19575 10/03/2026 10/03/2026 Книги

Працює на АБІС Коха